Plošina na mori - analýza spolupôsobenia priehradovej plášťovej konštrukcie s pilótami

Na minha lista:
Detalhes bibliográficos
Autor principal: Hižnay, Ján (Author)
Outros Autores: Bekö, Adrián (Thesis advisor)
Formato: Manuscrito Livro
Idioma:eslovaco
Publicado em: 2025
Assuntos:
Acesso em linha:http://is.stuba.sk/zp/portal_zp.pl?podrobnosti=192514
CRZP
Tags: Adicionar Tag
Sem tags, seja o primeiro a adicionar uma tag!

MARC

LEADER 00000ntm a22000003a 4500
001 stuzp105163
003 SK-STU
005 20250724105107.9
007 ta
008 150427s2015----xo-----f-mn---000-0-slo-d
040 |a STU  |b slo 
041 0 |a slo 
100 1 |a Hižnay, Ján  |u 010250  |4 aut  |U SvF Stavebná fakulta  |T SvF Katedra stavebnej mechaniky  |X 103852  |U V250  |Y 26  |7 103852 
242 0 1 |a Offshore platform – analysis of interconnection of the jacket structure and the piles  |y eng 
245 1 0 |a Plošina na mori - analýza spolupôsobenia priehradovej plášťovej konštrukcie s pilótami 
260 |c 2025 
650 4 |a Fatique failure  |2 eng 
650 4 |a Numerical model  |2 eng 
650 4 |a Sea waves loads  |2 eng 
650 4 |a Offshore platform  |2 eng 
650 4 |a Únava materiálu  |2 slo 
650 4 |a Zaťaženie morskými vlnami  |2 slo 
650 4 |a Numerický model  |2 slo 
650 4 |a Platforma na mori  |2 slo 
700 1 |a Bekö, Adrián  |u 010250  |k Z1  |4 ths  |U SvF Stavebná fakulta  |T SvF Katedra stavebnej mechaniky  |X 38274  |U V250  |Y 26  |7 A000038274 
856 4 |u http://is.stuba.sk/zp/portal_zp.pl?podrobnosti=192514 
856 4 |u https://opac.crzp.sk/?fn=detailBiblioForm&sid=226A7A544DA3649F67523FE9F6D0  |z CRZP